Musicals Without Sporcle Quiz Stats

 Plays Quiz Updated Jun 18, 2019

Support Sporcle.
Go Orange.
Score 0/24 Timer 03:00
1 Play Today
Letters Musical % Correct
F I D D _ _ _    _ N    T H _    _ _ _ FFiddler on the Roof
96.8%
G Y _ _ YGypsy
89.9%
W I _ K _ DWicked
89.4%
A V _ N U _   QAvenue Q
88.8%
_ V I T AEvita
87.8%
T H _   _ H A N T _ M   _ F   T H _   _ _ _ _ AThe Phantom of the Opera
86.5%
K I _ _    M _,    K A T _Kiss Me, Kate
85.4%
_ I T Y   _ F   A N G _ _ _City of Angels
82.5%
T H _    F U _ _    M _ N T YThe Full Monty
80.6%
_ A G T I M _Ragtime
80.2%
_ H I _ A G _Chicago
79.1%
T H _   B _ _ K   _ F   M _ _ M _ NThe Book of Mormon
77.6%
Letters Musical % Correct
_ _ N TRent
75.9%
_ H _ W    B _ A TShow Boat
74%
M I _ _    _ A I G _ N Miss Saigon
68.7%
H _ _ _ _,   D _ _ _ Y!Hello, Dolly!
67.3%
_ A B A _ _ TCabaret
65.4%
H A I _ _ _ _ A YHairspray
52.9%
W _ _ T   _ I D _    _ T_ _ YWest Side Story
49.8%
_ _ _    M I _ _ _ A B _ _ _Les Mis√©rables
44.4%
D _ _ A M G I _ _ _Dreamgirls
41.4%
_ H _    _ _ V _ _    M _She Loves Me
25.9%
A    _ H _ _ U _    _ I N _A Chorus Line
22.8%
T H _   _ _ _ D U _ _ _ _The Producers
13.1%

From the Vault

Top Grossing R Rated

by schredder

Movies 5m
Under 17 requires accompanying parent or adult guardian.
Remove Ads.
Support Sporcle.
Get the best of Sporcle when you Go Orange. This ad-free experience offers more features, more stats, and more fun while also helping to support Sporcle. Thank you for becoming a member.

Show Comments

Extras

Top Quizzes Today


Score Distribution

Your Account Isn't Verified!

In order to create a playlist on Sporcle, you need to verify the email address you used during registration. Go to your Sporcle Settings to finish the process.

Report this User

Report this user for behavior that violates our Community Guidelines.

Details: